00357cam a2200133 i 4500020001500000082001600015100002500031245004100056260003800097300002600135500002000161650002100181700002100202 a030640399400a621.042 MCG1 aMcGown, Linda Baine.10aHow to obtain abundant clean energy  aNew York :bPlenum Press,cc1980. axii, 262 p. :bill. ; aIncludes index. 0aPower resources.1 aBockris, J. O'M.